| 000 | 01349cam a2200373 i 4500 | ||
|---|---|---|---|
| 001 | 17650356 | ||
| 003 | OSt | ||
| 005 | 20230923155154.0 | ||
| 008 | 130307t20132013riu b 001 0 eng | ||
| 010 | _a 2013001353 | ||
| 020 | _a9780821894910 (alk. paper) | ||
| 020 | _a0821894919 (alk. paper) | ||
| 040 |
_aDLC _beng _cDLC _erda _dDLC |
||
| 042 | _apcc | ||
| 050 | 0 | 0 |
_aQA188 _b.Z43 2013 |
| 082 | 0 | 0 |
_a512.9434 _bZHA/M |
| 084 |
_a15-xx _2msc |
||
| 100 | 1 |
_aZhan, Xingzhi, _d1965- _99589 |
|
| 245 | 1 | 0 |
_aMatrix theory / _cXingzhi Zhan. |
| 264 | 1 |
_aProvidence, Rhode Island : _bAmerican Mathematical Society, _c[2013] |
|
| 264 | 4 | _c©2013 | |
| 300 |
_ax, 253 pages ; _c26 cm. |
||
| 336 |
_atext _2rdacontent |
||
| 337 |
_aunmediated _2rdamedia |
||
| 338 |
_avolume _2rdacarrier |
||
| 490 | 0 |
_aGraduate studies in mathematics ; _vvolume 147 |
|
| 504 | _aIncludes bibliographical references (pages 237-247) and index. | ||
| 650 | 0 | _aMatrices. | |
| 650 | 0 | _aAlgebras, Linear. | |
| 650 | 7 |
_aLinear and multilinear algebra; matrix theory. _2msc |
|
| 906 |
_a7 _bcbc _corignew _d1 _eecip _f20 _gy-gencatlg |
||
| 942 |
_2ddc _cBK _h512.9434 _iZHA/M _k512.9434 _mZHA/M |
||
| 999 |
_c42309 _d42309 |
||